| 000 | 00646nam a22002297a 4500 | ||
|---|---|---|---|
| 003 | BCEG | ||
| 005 | 20260409103028.0 | ||
| 008 | 260409s2024 mx|||||| |||| 00| 0 spa d | ||
| 020 | _a9786071684837 | ||
| 040 |
_aBCEG _bspa _cBCEG |
||
| 082 | 0 | 4 |
_a520 _bF465n |
| 100 | 1 |
_aFierro, Julieta, _d1948-2025. |
|
| 245 | 1 | 4 | _aLas nuevas herramientas de la astronomía. |
| 260 |
_aMéxico : _bFondo de Cultura Económica, _c2024. |
||
| 300 |
_a46 p. _b: il. |
||
| 490 | _aVientos del Pueblo. | ||
| 541 | _aCompra. | ||
| 650 | 1 | 4 |
_aAstronomía _vObras de divulgación. |
| 650 | 1 | 4 | _aTelescopios. |
| 700 | 1 |
_aReyes, Mildreth (Vile), _eil. |
|
| 942 | _cBK | ||
| 999 |
_c437170 _d437170 |
||